00646nam a2200229Ia 4500008004100000020001500041041000800056082001900064100002000083245002900103250000600132260004600138300000800184365001400192650001900206650002000225650001900245700002300264942001200287999001900299952009800318140306s9999 xx 000 0 und d a007009988X aeng a657.45bCAR/PE aCarmichael, D R aPerspectives in auditing a4 aNew yorkbMc Graw-Hill book Companyc1985 a503 bUSD.11.95 aAudit planning aAudit reporting aAudit sampling aWillingham, John J 2ddccBK c182382d182382 00102ddc4070aKAUCBVbKAUCBVg11.95l0o657.45 CAR/PEr2014-03-22 00:00:00w2014-03-22yBK